| 000 | 01393cam a2200361 a 4500 | ||
|---|---|---|---|
| 999 |
_c50480 _d50480 |
||
| 001 | 15618628 | ||
| 005 | 20200207144106.0 | ||
| 008 | 090210r20091964nyua b 001 0 eng | ||
| 010 | _a 2009005728 | ||
| 020 | _a9780486472225 | ||
| 020 | _a0486472221 | ||
| 035 | _a(OCoLC)ocn294885211 | ||
| 040 |
_aDLC _cDLC _dYDX _dBTCTA _dYDXCP _dDLC |
||
| 041 | _aeng | ||
| 050 | 0 | 0 |
_aQA611 _b.G33 2009 |
| 080 | _a515.1 G-11 | ||
| 082 | 0 | 0 |
_a514 _222 |
| 100 | 1 |
_aGaal, Steven A. _96893 |
|
| 245 | 1 | 0 |
_aPoint set topology / _cSteven A. Gaal. |
| 250 | _aDover ed. | ||
| 260 |
_aMineola, N.Y. : _bDover Publications, _c2009. |
||
| 300 |
_axi, 317 p. : _bill. ; _c22 cm. |
||
| 490 | 1 | _aDover books on mathematics | |
| 500 | _aOriginally published: New York : Academic Press, 1964; in series: Pure and applied mathematics ; 16. | ||
| 504 | _aIncludes bibliographical references and indexes. | ||
| 650 | 0 |
_aTopology. _96894 |
|
| 653 | _aტოპოლოგია | ||
| 830 | 0 |
_aDover books on mathematics. _96895 |
|
| 856 | 4 | 2 |
_3Publisher description _uhttp://www.loc.gov/catdir/enhancements/fy0906/2009005728-d.html |
| 906 |
_a7 _bcbc _corignew _d1 _eecip _f20 _gy-gencatlg |
||
| 942 |
_2udc _cBK |
||
| 955 |
_axh00 2009-02-10 _ixh07 2009-02-10 to Dewey _ard11 2009-02-10 _axe10 2009-10-28 1 copy rec'd., to CIP ver. _axh00 2009-11-02 to USPL/STM _aBarcode 00239973760 returned from bindery 2010-01-11 |
||